[Event "?"]
[Site "Berliner Sommer"]
[Date "1995.??.??"]
[Round "?"]
[White "Baginskaite, Kamile"]
[Black "Lachmann Utz"]
[Result "1/2-1/2"]
[WhiteElo "2240"]
[BlackElo "2100"]

1.d4 d6 2.Nf3 g6 3.c4 Bg7 4.Nc3 Nc6 5.d5 Ne5 6.Nxe5 Bxe5 7.e4 e6 8.Bd3 Bd7
9.O-O Ne7 10.Bh6 Ng8 11.Be3 exd5 12.cxd5 Nf6 13.h3 Qe7 14.Ne2 O-O
15.Qb3 Nh5 16.f4 Bg7 17.Qxb7 Rab8 18.Qxc7 Rxb2 19.Qxa7 Nf6 20.Rab1 Rxb1
21.Rxb1 Nxe4 22.Rb7 Nc5 23.Bxc5 dxc5 24.Rxd7 Qe3+ 25.Kf1 Qxd3 26.Qxc5 Rb8
27.Kf2 Bf8 28.Qc3 Qb5 29.Qc7 Re8 30.Nc1 Bc5+ 31.Kg3 h5 32.Rxf7 h4+
33.Kg4 Bd4 34.Re7 Rxe7 35.Qxe7 Qxd5 36.Qe8+ Kh7 37.Qe7+ Kg8 38.Qe8+ Kh7
39.Qe7+ Kg8 40.Qe8+ Kg7 41.Qe7+ Kg8 1/2-1/2

[Event "?"]
[Site "Berliner Sommer"]
[Date "1995.??.??"]
[Round "?"]
[White "Heedt, Thorsten"]
[Black "Nizhegorodova, Marina"]
[Result "1/2-1/2"]
[WhiteElo "2235"]
[BlackElo "2085"]

1.e4 e6 2.d4 d5 3.Nd2 c5 4.exd5 Qxd5 5.Ngf3 cxd4 6.Bc4 Qd8 7.O-O Nc6
8.Nb3 Nf6 9.Nbxd4 Nxd4 10.Nxd4 Qc7 11.Qe2 a6 12.Bg5 Bd6 13.Rad1 O-O
14.Bxf6 gxf6 15.Bd3 f5 16.Qh5 Be5 17.Nf3 Bxb2 18.Rfe1 f6 19.Re3 f4
20.Re4 e5 21.Rb4 Ba3 22.Rb3 Bc5 23.Bc4+ Kh8 24.Nh4 Qg7 25.Bd3 Bg4
26.Ng6+ Qxg6 27.Bxg6 Bxh5 28.Bxh5 b6 29.Bf3 Rad8 30.Rdd3 Rxd3 31.Rxd3 Kg7
32.Rd7+ Rf7 33.Rxf7+ Kxf7 34.Bb7 a5 35.a4 Ke7 36.Be4 h6 37.c4 Kd6
38.Bg6 Bd4 39.Be8 Kc5 40.Bb5 e4 41.Kf1 e3 42.fxe3 fxe3 43.h3 Kb4
44.Ke2 Kc3 45.Ba6 Bc5 46.Bb5 f5 47.Ba6 f4 48.Bb5 Kd4 49.Ba6 Bb4
50.Bb5 Bd2 51.Ba6 1/2-1/2

[Event "?"]
[Site "Berliner Sommer"]
[Date "1995.??.??"]
[Round "?"]
[White "Ruzele, Darius"]
[Black "Sofieva, Ainur"]
[Result "1-0"]
[WhiteElo "2505"]
[BlackElo "2350"]

1.d4 f5 2.g3 Nf6 3.Bg2 g6 4.Nh3 d6 5.d5 c6 6.Nc3 e5 7.dxe6 Bxe6 8.Ng5 Bc8
9.O-O Bg7 10.Be3 O-O 11.Bd4 d5 12.Na4 Na6 13.b3 Qe7 14.e3 h6 15.Nf3 Rd8
16.a3 Bd7 17.Nc3 Nc7 18.Ne2 Be8 19.Bb2 Ne6 20.Qc1 Kh7 21.Rb1 Nc5 22.h3 a5
23.Nf4 a4 24.b4 Nce4 25.c4 dxc4 26.Qxc4 Bf7 27.Qe2 Nd5 28.Nxd5 Bxd5
29.Rfc1 b5 30.Bxg7 Qxg7 31.Nd4 Rac8 32.h4 Bc4 33.Qe1 Qf6 34.Rb2 c5
35.bxc5 Nxc5 36.Bf1 Bxf1 37.Qxf1 Nb3 38.Rxc8 Rxc8 39.Qxb5 Rc1+
40.Kg2 Nxd4 41.Qb7+ Qg7 42.exd4 Rc7 43.Qb6 Qd7 44.Qa5 f4 45.Qe5 fxg3
46.fxg3 Rc3 47.h5 Qc6+ 48.d5 Rc2+ 49.Rxc2 Qxc2+ 50.Kh3 gxh5 51.Qxh5 Qf2
52.Qd1 Qf5+ 53.Kg2 Qe4+ 54.Kh2 Qf5 55.Kg2 Qe4+ 56.Kh2 Qf5 57.d6 Qd7
58.Qd5 Kg6 59.Kg2 Kf6 60.Kf3 h5 61.Qxh5 Qc6+ 62.Kf2 Qc2+ 63.Qe2 Qc5+
64.Qe3 Qc2+ 65.Ke1 Qb1+ 66.Ke2 Qb2+ 67.Kf1 Qb1+ 68.Kg2 Qb3 69.Qe7+ Kf5
70.d7 Qb7+ 71.Kh2 Kg4 72.Qe2+ 1-0

[Event "?"]
[Site "Berliner Sommer"]
[Date "1995.??.??"]
[Round "?"]
[White "Sadiku, Bedri"]
[Black "Rabiega, Robert"]
[Result "0-1"]
[WhiteElo "2380"]
[BlackElo "2470"]

1.d4 d5 2.Nf3 Nf6 3.Bf4 e6 4.e3 Bd6 5.c3 O-O 6.Bd3 c5 7.Nbd2 Nc6
8.Bxd6 Qxd6 9.O-O e5 10.dxe5 Nxe5 11.Nxe5 Qxe5 12.h3 Bd7 13.Re1 Bc6
14.Qc2 Ne4 15.f4 Qe7 16.Nxe4 dxe4 17.Bf1 a5 18.c4 a4 19.Rad1 a3
20.b3 Rfd8 21.Qc1 Qh4 22.Rxd8+ Rxd8 23.Re2 Ra8 24.Qc3 Qe7 25.Rd2 f6
26.Qc1 Qc7 27.Kh2 Qa5 28.Be2 Rd8 29.Rxd8+ Qxd8 30.Qxa3 Qd2 31.Bg4 Qxe3
32.Qa8+ Kf7 33.Qb8 Qd2 34.Qc7+ Kg6 35.Be6 Kh6 36.f5 g6 37.Bg8 Bd7
38.fxg6 hxg6 39.Bd5 Bc6 40.Qd6 Qf2 41.Bxc6 bxc6 42.a4 e3 43.Qf8+ Kh5
44.Qxc5+ g5 45.Qd4 Qf4+ 46.Qxf4 gxf4 47.Kg1 Kh4 48.a5 Kg3 49.Kf1 e2+
50.Kxe2 Kxg2 51.a6 f3+ 52.Kd2 f2 53.a7 f1=Q 54.a8=Q Qf4+ 55.Kc2 Qe4+
56.Kb2 f5 57.Qg8+ Kxh3 58.Qh7+ Kg2 59.Qg6+ Kf2 60.b4 Ke2 61.Ka3 Qd3+
62.Kb2 Qxc4 63.Qxf5 Qxb4+ 64.Ka2 Qc4+ 65.Ka1 Qd4+ 0-1

[Event "?"]
[Site "Berliner Sommer"]
[Date "1995.??.??"]
[Round "?"]
[White "Thoren, Per"]
[Black "Zontakh, Andrey"]
[Result "0-1"]
[WhiteElo "2185"]
[BlackElo "2460"]

1.e4 c5 2.Nf3 Nc6 3.d4 cxd4 4.Nxd4 Nf6 5.Nc3 d6 6.Bc4 Qb6 7.Nde2 e6
8.Bb3 Be7 9.O-O O-O 10.Bg5 Na5 11.Ng3 h6 12.Be3 Qc7 13.Nb5 Qb8 14.f4 b6
15.Rf2 Bb7 16.Nc3 b5 17.Nxb5 Nxe4 18.Nxe4 Bxe4 19.Nc3 Bg6 20.Bd4 Qb7
21.Qg4 Nc6 22.Be3 Bf6 23.Raf1 Ne7 24.Rd2 Rad8 25.Qf3 d5 26.Bd4 Bxd4+
27.Rxd4 Nf5 28.Rd2 Nd6 29.Rfd1 a5 30.Rd4 Qe7 31.Qf2 Rb8 32.Re1 Qc7
33.Kh1 Rb4 34.Rxb4 axb4 35.Nd1 Rc8 36.Re2 Ne4 37.Qe3 d4 38.Qxd4 Qxf4
39.Qg1 Bh5 40.Re1 Bxd1 41.Rxe4 Qxe4 42.Qxd1 Rc5 43.a4 bxa3 44.bxa3 Rf5 0-1

[Event "?"]
[Site "Berliner Sommer"]
[Date "1995.??.??"]
[Round "?"]
[White "Dgebuadze, Alexandre"]
[Black "Lomineishvili, Maia"]
[Result "1-0"]
[WhiteElo "2435"]
[BlackElo "2295"]

1.e4 e6 2.d3 c5 3.Nf3 Nc6 4.Nbd2 d5 5.g3 Bd6 6.Bg2 Nf6 7.O-O O-O 8.Re1 Qc7
9.c3 d4 10.a3 e5 11.h3 Rb8 12.cxd4 cxd4 13.Nc4 b5 14.Nxd6 Qxd6 15.b4 Nd7
16.Nh4 Nb6 17.Nf5 Qc7 {} 18.Bh6 Bxf5 19.exf5 Qd6 20.Bd2 Nd5 21.Rc1 Nce7
22.Rc5 Rfc8 23.Qb3 Rd8 24.Bg5 f6 25.f4 fxg5 26.fxe5 Qd7 27.f6 Kh8
28.fxe7 Nxe7 29.e6 Qd6 30.Rxg5 Rf8 31.Qc2 Rf5 32.Rxf5 Nxf5 33.Qf2 Ne3
34.Qf4 Qxf4 35.gxf4 Rc8 36.e7 Re8 37.Rc1 Kg8 38.Rc7 Kf7 39.Rxa7 Rxe7
40.Rxe7+ Kxe7 41.Bc6 Nc2 42.Bxb5 Nxa3 43.Ba4 Nb1 44.Kf2 Nc3 45.Bb3 Kf6
46.Bg8 h6 47.Kf3 Kf5 48.Bh7+ g6 49.Bg8 Kf6 50.Bc4 Kf5 51.b5 Na4
52.Bb3 Nb6 53.h4 h5 54.Bc4 Na4 55.Bd5 Nc5 56.b6 Nd7 57.b7 Nb8 58.Bc4 Nd7
59.Bb5 Nb8 60.Be8 Na6 61.Bd7+ Kf6 62.Bb5 Nb8 63.Ke4 1-0

[Event "?"]
[Site "Berliner Sommer"]
[Date "1995.??.??"]
[Round "?"]
[White "Sergeev, Vladimir"]
[Black "Krakops, Maris"]
[Result "1/2-1/2"]
[WhiteElo "2415"]
[BlackElo "2525"]

1.d4 Nf6 2.Nf3 g6 3.Bg5 Bg7 4.e3 O-O 5.Be2 c5 6.c3 b6 7.O-O Bb7 8.Nbd2 d6
9.h3 Nbd7 10.a4 a6 11.Qb3 Qc7 12.Rfe1 e5 13.dxe5 dxe5 14.Red1 Rae8
15.Bh4 e4 16.Bg3 Qc6 17.Nh2 Nh5 18.Bxh5 gxh5 19.Nc4 Re6 20.Rd6 Rxd6
21.Nxd6 Be5 22.Nxb7 Qxb7 23.Rd1 Bxg3 24.fxg3 Ne5 25.Rd6 b5 26.axb5 axb5
27.Rd5 Nc4 28.Rg5+ Kh8 29.Nf1 f5 30.Rxh5 Qd7 31.Qc2 Qg7 32.Qf2 Ne5
33.Qf4 Nd3 34.Qd6 Qf6 35.Rh6 Qxd6 36.Rxd6 Nxb2 37.Rb6 b4 38.cxb4 c4
39.b5 Rd8 40.Rc6 Rb8 41.b6 Nd3 42.Nd2 Ne5 43.Rc5 Rxb6 44.Nxe4 fxe4
45.Rxe5 Rc6 46.Rd5 c3 47.Rd1 h5 48.Kf2 c2 49.Rc1 Kg7 50.Ke2 Rc3
51.Kd2 Rd3+ 52.Ke2 Rc3 53.Kd2 Rd3+ 54.Ke2 Rc3 55.Kd2 1/2-1/2

[Event "?"]
[Site "Berliner Sommer"]
[Date "1995.??.??"]
[Round "?"]
[White "Muse, Mladen"]
[Black "Moehring, Guenther"]
[Result "1/2-1/2"]
[WhiteElo "2445"]
[BlackElo "2325"]

1.d4 Nf6 2.Nf3 d6 3.Bg5 Nbd7 4.Nbd2 c6 5.e4 Qc7 6.c3 e5 7.Bd3 Be7
8.O-O O-O 9.Re1 Re8 10.Nf1 Nf8 11.Ng3 Ne6 12.Bc1 g6 13.b3 Bf8 14.Bb2 Bg7
15.Bf1 a5 16.a4 Bd7 17.Ra2 Rad8 18.Qa1 Bc8 19.b4 exd4 20.cxd4 d5
21.e5 Nd7 22.bxa5 Qxa5 23.Bc3 Qa8 24.h4 f6 25.h5 fxe5 26.dxe5 Ndf8
27.hxg6 hxg6 28.Bd2 Bd7 29.Qb1 c5 30.Bd3 Kf7 31.Nh4 g5 32.Bg6+ Kg8
33.Bxe8 gxh4 34.Bxd7 hxg3 35.Bxe6+ Nxe6 36.Be3 d4 37.Qf5 Qa6 38.Bg5 Rf8
39.Bf6 c4 40.Re4 c3 41.Rg4 d3 42.Rxg3 c2 43.Rxc2 dxc2 44.Qxc2 Rf7
45.Rg4 Qb6 46.Qc8+ Nf8 47.Qc2 Rc7 48.a5 Qxa5 49.Qb3+ Kh8 50.Rxg7 Rxg7
51.Qf7 Ne6 52.Qxe6 Qe1+ 53.Kh2 Qxf2 54.Qh3+ Kg8 55.Bxg7 Kxg7 56.Qd7+ Kh6
57.Qg4 b5 58.e6 Qe1 59.Qf4+ Kg6 60.Qf7+ Kg5 61.Qg7+ Kh5 62.Qh8+ Kg6
63.Qg8+ 1/2-1/2

[Event "?"]
[Site "Berliner Sommer"]
[Date "1995.??.??"]
[Round "?"]
[White "Mueller, Mathias"]
[Black "Velikhanli, Firuza"]
[Result "1/2-1/2"]
[WhiteElo "2200"]
[BlackElo "2355"]

1.e4 c5 2.Nc3 Nc6 3.f4 g6 4.Nf3 Bg7 5.Bc4 e6 6.f5 Nge7 7.fxe6 dxe6
8.O-O O-O 9.d3 Nd4 10.Be3 Nec6 11.Qd2 Nxf3+ 12.gxf3 Nd4 13.Rf2 Qh4
14.Kh1 f5 15.Bf4 fxe4 16.fxe4 Bd7 17.a4 Rf7 18.Bg3 Rxf2 19.Qxf2 Qh5
20.Bd6 Rd8 21.Rf1 Be8 22.Bf8 Qe5 23.a5 Rd7 24.Bxg7 Qxg7 25.Nd1 Rf7
26.Qg2 Rxf1+ 27.Qxf1 Nxc2 28.Bxe6+ Bf7 29.Qh3 Qf6 30.Bxf7+ Qxf7
31.Kg1 Kg7 32.Nc3 Nd4 33.Qg3 h5 34.Kg2 Ne6 35.Nd5 g5 36.Qe5+ Kg6
37.Qd6 h4 38.Nc7 Kf6 39.Nxe6 Qxe6 40.Qf8+ Kg6 41.Qxc5 Qg4+ 42.Kf2 Qf4+
43.Kg1 Kh5 44.Qf2 Qg4+ 45.Qg2 Qf4 46.Qf2 Qg4+ 47.Qg2 Qf4 48.Qf2 1/2-1/2

[Event "?"]
[Site "Berliner Sommer"]
[Date "1995.??.??"]
[Round "?"]
[White "Bykhovsky, Anatoly A"]
[Black "Bagirov, Vladimir"]
[Result "1/2-1/2"]
[WhiteElo "2425"]
[BlackElo "2530"]

1.Nf3 d5 2.d4 Bf5 3.Bf4 e6 4.e3 c6 5.Bd3 Bxd3 6.Qxd3 Nd7 7.O-O Ngf6
8.Nbd2 Be7 9.h3 Qb6 10.c4 Qa6 11.Qc3 O-O 12.c5 1/2-1/2

[Event "?"]
[Site "Berliner Sommer"]
[Date "1995.??.??"]
[Round "?"]
[White "Gipslis Alvaris"]
[Black "Dvoirys, Semen I"]
[Result "1/2-1/2"]
[WhiteElo "2445"]
[BlackElo "2580"]

1.e4 c5 2.Nf3 d6 3.d4 cxd4 4.Nxd4 Nf6 5.Nc3 a6 6.Be3 e5 7.Nb3 Be6
8.Nd5 Nbd7 9.f3 Bxd5 10.exd5 Be7 11.Qd2 a5 12.a4 O-O 13.Bb5 e4
14.O-O-O Ne5 15.f4 Neg4 16.h3 Nxe3 17.Qxe3 Ne8 1/2-1/2

[Event "?"]
[Site "Berliner Sommer"]
[Date "1995.??.??"]
[Round "?"]
[White "Krogius, Nikolai V"]
[Black "Gleizerov, Evgeny"]
[Result "1/2-1/2"]
[WhiteElo "2485"]
[BlackElo "2540"]

1.Nf3 d5 2.d4 Bf5 3.c4 e6 4.Nc3 c6 5.e3 Nd7 6.Bd3 Bxd3 7.Qxd3 f5
8.cxd5 cxd5 9.Ne5 Nxe5 10.dxe5 Ne7 11.O-O Nc6 12.f4 Be7 13.Bd2 O-O
14.Ne2 Qb6 15.Bc3 Bc5 16.Bd4 Bxd4 17.Nxd4 Nxd4 18.Qxd4 Rfc8 19.Rac1 Rc6
20.Rxc6 Qxc6 21.h3 b6 22.g4 Qc2 23.Rf2 Qb1+ 24.Rf1 Qc2 25.Rf2 Qb1+ 1/2-1/2

[Event "?"]
[Site "Berliner Sommer"]
[Date "1995.??.??"]
[Round "?"]
[White "Urday, Henry"]
[Black "Levin, Felix"]
[Result "1-0"]
[WhiteElo "2435"]
[BlackElo "2490"]

1.d4 Nf6 2.Nf3 e6 3.e3 b6 4.Bd3 Bb7 5.O-O Be7 6.b3 O-O 7.Bb2 c5 8.c4 d5
9.Nbd2 cxd4 10.exd4 Nc6 11.Rc1 Rc8 12.Qe2 Re8 13.Rfd1 Nd7 14.Nf1 Nf8
15.Ne3 Ng6 16.g3 Nf8 17.cxd5 exd5 18.Bb1 Bf6 19.Ne5 Re6 20.f4 Nxe5
21.dxe5 Rxc1 22.Rxc1 Be7 23.f5 Rh6 24.Ng4 Bc5+ 25.Rxc5 bxc5 26.Nxh6+ gxh6
27.e6 fxe6 28.Qe5 Qg5 29.h4 Qg4 30.Bc2 1-0

[Event "?"]
[Site "Berliner Sommer"]
[Date "1995.??.??"]
[Round "?"]
[White "Zorman, Vojko"]
[Black "Lugovoi, Aleksei"]
[Result "0-1"]
[WhiteElo "2360"]
[BlackElo "2490"]

1.d4 Nf6 2.c4 e6 3.Nc3 Bb4 4.e3 O-O 5.Bd3 d5 6.Nge2 dxc4 7.Bxc4 c5
8.O-O cxd4 9.exd4 Nc6 10.Bg5 h6 11.Bh4 Be7 12.Qd3 b6 13.a3 Bb7
14.Rfd1 Nd5 15.Bxd5 Bxh4 16.Ba2 Bf6 17.d5 exd5 18.Bxd5 Qe7 19.Qf5 Rad8
20.Bb3 Bxc3 21.Rxd8 Rxd8 22.bxc3 Na5 23.Bd1 Ba6 24.Qf3 Rd2 25.Kf1 Nb3
26.Ke1 Rxe2+ 27.Bxe2 Nxa1 0-1

[Event "?"]
[Site "Berliner Sommer"]
[Date "1995.??.??"]
[Round "?"]
[White "Gretarsson, Helgi Ass"]
[Black "Kharitonov, Andrei Y"]
[Result "1/2-1/2"]
[WhiteElo "2440"]
[BlackElo "2550"]

1.d4 Nf6 2.c4 e6 3.Nf3 d5 4.Nc3 Be7 5.cxd5 exd5 6.Bg5 c6 7.Qc2 Na6
8.e3 Nb4 9.Qd1 Bf5 10.Rc1 Qa5 11.Qd2 Nxa2 12.Ra1 {} 12...Nxc3
13.Rxa5 Nce4 14.Qd1 Bb4+ 15.Ke2 Bxa5 16.Bxf6 Nxf6 17.h3 O-O 18.g4 Be4
19.Bg2 Rae8 20.Qb3 Bb6 21.Rd1 Re7 22.Kf1 Rfe8 23.Ne1 Bxg2+ 24.Kxg2 Ne4
25.Nd3 Nd6 26.Rc1 Nb5 27.Ne5 f6 28.Nd3 Nd6 29.Qb4 Rd7 30.Kg1 Nf7
31.Kg2 Nd6 32.Kg1 Nf7 1/2-1/2

[Event "?"]
[Site "Berliner Sommer"]
[Date "1995.??.??"]
[Round "?"]
[White "Eismont, Oleg"]
[Black "Kruppa, Yuri"]
[Result "0-1"]
[WhiteElo "2450"]
[BlackElo "2570"]

1.e4 c5 2.Nc3 e6 3.Nf3 a6 4.g3 b5 5.Bg2 Bb7 6.d3 d6 7.O-O Nd7 8.Nd2 Ngf6
9.f4 Qb6 10.Kh1 Be7 11.f5 exf5 12.exf5 Bxg2+ 13.Kxg2 O-O 14.Nde4 b4
15.Nxf6+ Nxf6 16.Nb1 Rfe8 17.Qf3 Rac8 18.Nd2 d5 19.b3 c4 20.bxc4 Bc5
21.Nb3 dxc4 22.Nxc5 0-1

[Event "?"]
[Site "Berliner Sommer"]
[Date "1995.??.??"]
[Round "?"]
[White "Beshukov, Sergei"]
[Black "Sergeev, Vladimir"]
[Result "1-0"]
[WhiteElo "2500"]
[BlackElo "2415"]

1.e4 c6 2.d4 d5 3.e5 g6 4.h4 h5 5.Nh3 Bxh3 6.Rxh3 e6 7.Bg5 Be7 8.Qd2 Nd7
9.Qf4 Qa5+ 10.Nd2 Rh7 11.O-O-O Bxg5 12.hxg5 Nf8 13.Kb1 Ne7 14.f3 Qc7
15.g4 hxg4 16.Rxh7 Nxh7 17.fxg4 Nc8 18.Bd3 Qe7 19.Nf3 Nb6 20.Rh1 Nf8
21.Qf6 Nbd7 22.Qg7 a6 23.Qg8 c5 24.Rh7 O-O-O 25.Rxf7 Qe8 26.Qg7 c4
27.Be2 c3 28.Re7 1-0

[Event "?"]
[Site "Berliner Sommer"]
[Date "1995.??.??"]
[Round "?"]
[White "Klovans, Janis"]
[Black "Ingbrandt, Johan"]
[Result "1-0"]
[WhiteElo "2485"]
[BlackElo "2375"]

1.e4 e5 2.Nf3 Nc6 3.Bb5 a6 4.Ba4 Nf6 5.O-O Be7 6.Re1 b5 7.Bb3 O-O 8.c3 d6
9.h3 Nd7 10.d4 Bf6 11.a4 Bb7 12.d5 Ne7 13.Bc2 Qb8 14.Nbd2 c6 15.dxc6 Bxc6
16.Nf1 Re8 17.Ne3 g6 18.Ng4 Bg7 19.Nh6+ Bxh6 20.Bxh6 bxa4 21.Bxa4 Bxa4
22.Rxa4 Nc5 23.Rb4 Qc7 24.Rc4 Nc8 25.Nh2 a5 26.Ng4 Re6 27.b4 Nb6
28.bxc5 Nxc4 29.Qd5 Rc8 30.Qxc4 Qxc5 31.Qa4 Rb8 32.c4 Qb4 33.Ra1 Qxa4
34.Rxa4 f5 35.Ne3 fxe4 36.Rxa5 Re7 37.Nd5 Reb7 38.Ra6 Rc8 39.Nf6+ Kf7
40.Nxe4 1-0

[Event "?"]
[Site "Berliner Sommer"]
[Date "1995.??.??"]
[Round "?"]
[White "Dizdar, Goran"]
[Black "Thinius, Marco"]
[Result "1-0"]
[WhiteElo "2535"]
[BlackElo "2310"]

1.d4 d5 2.c4 c6 3.Nf3 Nf6 4.Nc3 e6 5.Bg5 h6 6.Bxf6 Qxf6 7.e3 Nd7
8.Bd3 dxc4 9.Bxc4 Bd6 10.O-O Qe7 11.e4 e5 12.d5 O-O 13.dxc6 bxc6
14.Nh4 Nb6 15.Bb3 Qf6 16.Nf5 Bc5 17.Qf3 Be6 18.Ne2 Bxf5 19.exf5 Bd4
20.Rac1 Rac8 21.Rc2 e4 22.Qxe4 Bxb2 23.Qb4 Be5 24.Rfc1 Rfd8 25.Qe4 Re8
26.Qf3 c5 27.Rxc5 Bxh2+ 28.Kf1 Rxc5 29.Rxc5 Bd6 30.Rc6 Qa1+ 31.Rc1 Qe5
32.g3 Re7 33.Rd1 Bc5 34.f6 gxf6 35.Nf4 f5 36.Ng6 Qe4 37.Nxe7+ Bxe7
38.Qxe4 fxe4 39.Re1 1-0

[Event "?"]
[Site "Berliner Sommer"]
[Date "1995.??.??"]
[Round "?"]
[White "Lerner, Konstantin Z"]
[Black "Ahlander, Bjorn"]
[Result "1/2-1/2"]
[WhiteElo "2605"]
[BlackElo "2385"]

1.c4 e6 2.Nc3 d5 3.d4 Be7 4.Nf3 Nf6 5.Bg5 h6 6.Bxf6 Bxf6 7.Qb3 c6
8.Rd1 O-O 9.e4 dxe4 10.Nxe4 Qa5+ 11.Rd2 Be7 12.Be2 Nd7 13.O-O e5 14.d5 f5
15.Nc3 c5 16.d6 Bf6 17.Rfd1 e4 18.Ne1 Bxc3 19.bxc3 Qd8 20.Nc2 b6
21.f4 Bb7 22.Ne3 g5 23.Rf1 gxf4 24.Rxf4 Qg5 25.g3 Ne5 26.Kf2 Ng4+
27.Bxg4 fxg4 28.Rxf8+ Rxf8+ 29.Ke2 Rf3 30.Nd1 Qh5 31.Ne3 Qg5 32.Nd1 e3
33.Rd3 Qf6 34.Rxe3 Rxe3+ 35.Kxe3 Qxd6 36.Qc2 Bf3 37.Qd2 Qe6+ 38.Kf2 Qxc4
39.Ne3 Qf7 40.Ke1 Qe6 41.Qd8+ Kg7 42.Qc7+ Kg6 43.Qf4 Qxa2 44.Qd6+ Kf7
45.Qd7+ Kf6 46.Qd8+ Kf7 47.Qd7+ Kg8 48.Qe8+ Kh7 49.Qe7+ Kg6 50.Qd6+ Kf7
51.Qd7+ Kf6 52.Qd8+ 1/2-1/2

[Event "?"]
[Site "Berliner Sommer"]
[Date "1995.??.??"]
[Round "?"]
[White "Oral, Tomas"]
[Black "Roos, Thomas"]
[Result "1-0"]
[WhiteElo "2410"]
[BlackElo "2255"]

1.e4 c5 2.Nf3 d6 3.Bb5+ Nd7 4.O-O e6 5.Re1 Ngf6 6.c3 a6 7.Bf1 Ne5
8.d4 Nxf3+ 9.Qxf3 cxd4 10.cxd4 d5 11.e5 Nd7 12.a4 Nb8 13.Na3 Nc6
14.Nc2 Be7 15.Qg3 Kf8 16.b4 Nxb4 17.Nxb4 Bxb4 18.Ba3 Bxa3 19.Qxa3+ Kg8
20.Rab1 g6 21.a5 Kg7 22.Rec1 Re8 23.Rb6 Qg5 24.Rc7 Qd2 25.Rb3 Qg5
26.Rf3 Rf8 27.Rf6 Rb8 28.Qe7 Kg8 29.f4 Qxf6 30.exf6 b6 31.axb6 Rxb6
32.Qxf8+ Kxf8 33.Rxc8# 1-0

[Event "?"]
[Site "Berliner Sommer"]
[Date "1995.??.??"]
[Round "?"]
[White "Eismont, Oleg"]
[Black "Kruppa, Yuri"]
[Result "0-1"]
[WhiteElo "2450"]
[BlackElo "2570"]

1.e4 c5 2.Nc3 e6 3.Nf3 a6 4.g3 b5 5.Bg2 Bb7 6.d3 d6 7.O-O Nd7 8.Nd2 Ngf6
9.f4 Qb6 10.Kh1 Be7 11.f5 exf5 12.exf5 Bxg2+ 13.Kxg2 O-O 14.Nde4 b4
15.Nxf6+ Nxf6 16.Nb1 Rfe8 17.Qf3 Rac8 18.Nd2 d5 19.b3 c4 20.bxc4 Bc5
21.Nb3 dxc4 22.dxc4 Bd4 23.Nxd4 Qxd4 24.Bg5 Ne4 25.Be3 Qxc4 26.Kh1 Qxc2
27.Rfc1 Qd3 28.Rd1 Qa3 29.Re1 Rc3 30.Rac1 Rxc1 31.Rxc1 Nd2 0-1

[Event "?"]
[Site "Berliner Sommer"]
[Date "1995.??.??"]
[Round "?"]
[White "Chernyshov, Konstantin"]
[Black "Von Herman, Ulf"]
[Result "1-0"]
[WhiteElo "2505"]
[BlackElo "2380"]

1.e4 c6 2.Nf3 d5 3.Nc3 Bg4 4.h3 Bh5 5.d4 e6 6.Bd3 Nf6 7.O-O Bb4 8.e5 Nfd7
9.g4 Bg6 10.Ng5 Be7 11.f4 c5 12.Nf3 Nc6 13.Ne2 cxd4 14.Nexd4 Be4
15.Nxc6 bxc6 16.Bxe4 dxe4 17.Nd2 Nc5 18.Qe2 Qd4+ 19.Kg2 Rd8 20.Nb3 Nxb3
21.axb3 Bc5 22.Ra4 Qd5 23.Qxe4 h5 24.g5 g6 25.Kf3 Bb6 26.Rc4 Rc8
27.Ke2 Qb5 28.Rd1 O-O 29.Be3 c5 30.Kf3 Rfd8 31.Ra1 Rc7 32.Rc3 Rcd7
33.Qa4 Qxa4 34.bxa4 c4 35.Rxc4 Bxe3 36.Kxe3 Rd2 37.Rc8 1-0

[Event "?"]
[Site "Berliner Sommer"]
[Date "1995.??.??"]
[Round "?"]
[White "Hock, Martin"]
[Black "Bunzmann Dimitrij"]
[Result "0-1"]
[WhiteElo "2305"]
[BlackElo "2185"]

1.Nf3 d5 2.b3 c6 3.Bb2 Bg4 4.Ne5 Bf5 5.f4 Nd7 6.e3 Ngf6 7.Be2 Nxe5
8.fxe5 Nd7 9.O-O e6 10.c4 Bg6 11.d4 Be7 12.Bd3 Bg5 13.Qe2 Bxd3
14.Qxd3 dxc4 15.bxc4 Nxe5 16.Qe2 Ng6 17.Nd2 O-O 18.Nf3 Be7 19.e4 Qa5
20.a4 Rad8 21.Qc2 Rd7 22.Rab1 Bf6 23.e5 Be7 24.Bc3 Qc7 25.Qe4 Rfd8
26.h4 c5 27.h5 Nf8 28.Bd2 cxd4 29.Qg4 f5 30.exf6 Bxf6 31.Bg5 Rf7
32.Bxf6 Rxf6 33.Ng5 Rxf1+ 34.Rxf1 d3 35.h6 Qe5 36.Ne4 Ng6 37.hxg7 d2
38.Qf3 Kxg7 39.Qf7+ Kh6 40.Nf6 Qd4+ 41.Kh2 Qh4+ 42.Kg1 d1=Q 43.Ng8+ Kg5
44.Qf6+ Kh5 0-1

[Event "?"]
[Site "Berliner Sommer"]
[Date "1995.??.??"]
[Round "?"]
[White "Greenfeld, Alon"]
[Black "Neverov, Valery"]
[Result "1/2-1/2"]
[WhiteElo "2570"]
[BlackElo "2485"]

1.d4 Nf6 2.Nf3 g6 3.c4 Bg7 4.g3 O-O 5.Bg2 d5 6.cxd5 Nxd5 7.O-O Nb6
8.Nc3 Nc6 9.d5 Na5 10.e4 c6 11.Bf4 cxd5 12.exd5 Nac4 13.Qe2 Bg4
14.h3 Bxf3 15.Bxf3 Rc8 16.Rac1 Nd6 17.Rfe1 Re8 18.Nb5 Rxc1 19.Bxc1 Nbc8
20.Nxd6 Nxd6 21.Bf4 Qb6 22.b3 Bf6 23.Rc1 Rc8 24.Rxc8+ Nxc8 25.Qd2 1/2-1/2

[Event "?"]
[Site "Berliner Sommer"]
[Date "1995.??.??"]
[Round "?"]
[White "Timoshenko, Georgy"]
[Black "Rechlis, Gad"]
[Result "0-1"]
[WhiteElo "2550"]
[BlackElo "2490"]

1.e4 c5 2.Nf3 d6 3.d4 cxd4 4.Nxd4 Nf6 5.Nc3 Nc6 6.Bg5 e6 7.Qd2 a6
8.O-O-O h6 9.Be3 Be7 10.f4 Nxd4 11.Bxd4 b5 12.Bd3 Bb7 13.Kb1 O-O
14.Qe2 b4 15.Na4 Nd7 16.b3 Bc6 17.Nb2 e5 18.Be3 a5 19.Bc1 Nc5
20.fxe5 dxe5 21.Bb5 Bxb5 22.Qxb5 Nxe4 23.Na4 Qe8 24.Qe2 Qc6 25.Rhe1 f5
26.Bb2 Rae8 27.Qf3 Bh4 28.Re3 Bg5 29.Red3 Rc8 30.Qe2 Bf6 31.Rd5 Rcd8
32.Rxd8 Bxd8 33.Bxe5 Re8 34.Qh5 Bg5 35.Bd4 g6 36.Qh3 Rd8 37.Rd3 Nd2+
38.Kb2 Qe4 39.Bf2 Qe5+ 40.c3 Rc8? (40...Qe2! 41. Rxd8+ Bxd8 42.Qe3 Nc4+!)
41.Be3 Ne4 42.Bxg5 hxg5 43.Qh6 Qf6 44.Rh3 Rc7 45.Rd3 Nxc3 46.Nxc3 Rxc3
47.Rxc3 Qxc3+ 48.Kb1 Qe1+ 49.Kc2 Qe2+ 50.Kc1 Qf1+ 51.Kd2 Qxg2+
52.Ke1 Qe4+ 53.Kf2 Qc2+ 54.Kf3 Qd1+ 55.Kf2 Qh5 0-1

[Event "?"]
[Site "Berliner Sommer"]
[Date "1995.??.??"]
[Round "?"]
[White "Tyrtania, Maximilian"]
[Black "Yagupov, Igor"]
[Result "0-1"]
[WhiteElo "2250"]
[BlackElo "2500"]

1.c4 c6 2.e4 d5 3.exd5 Nf6 4.d4 cxd5 5.Nc3 Nc6 6.Bg5 Qa5 7.Bxf6 exf6
8.c5 Be7 9.Bb5 O-O 10.Nge2 a6 11.Ba4 Be6 12.O-O f5 13.Nf4 Bg5
14.Nfxd5 Bxd5 15.Nxd5 Rad8 16.Bb3 Bd2 17.Qh5 Kh8 18.Qh4 Rd7 19.Rad1 Rfd8
20.Qh5 g6 21.Qe2 Bh6 22.Qf3 Bg7 23.Qc3 Rxd5 24.Bxd5 Rxd5 25.Qb3 Qd8
26.Qxb7 Nxd4 27.Rb1 Rxc5 28.Qxa6 h5 29.b4 Rc2 30.b5 Qd5 31.b6 Ne2+
32.Kh1 Nf4 33.Rg1 Nd3 34.Rbf1 Rb2 35.a4 Be5 36.a5 Rxf2 37.b7 Rb2
38.Qa7 Kh7 39.a6 h4 40.Qe3 f4 41.Qh3 Nf2+ 42.Rxf2 Rxf2 43.Rb1 Qb5
44.Rg1 Rf1 45.g3 Rxg1+ 46.Kxg1 Bd4+ 0-1

[Event "?"]
[Site "Berliner Sommer"]
[Date "1995.??.??"]
[Round "?"]
[White "Anka, Emil"]
[Black "Ganbold, Odondoo"]
[Result "1-0"]
[WhiteElo "2410"]
[BlackElo "2285"]

1.e4 e5 2.Nf3 Nc6 3.Bb5 a6 4.Ba4 Nf6 5.Qe2 Be7 6.c3 b5 7.Bc2 O-O 8.a4 b4
9.d4 d6 10.d5 Nb8 11.cxb4 c6 12.Nc3 Qb6 13.Qc4 Bg4 14.Be3 Qb7 15.Nd2 cxd5
16.exd5 Nbd7 17.h3 Rfc8 18.Qb3 Bh5 19.a5 Rab8 20.Na4 Bg6 21.Bxg6 hxg6
22.O-O Nh5 23.Nc4 f5 24.Bb6 Nf4 25.Rac1 Bf8 26.Rfd1 Nf6 27.b5 Qe7
28.bxa6 N6h5 29.Ne3 Qh4 30.Nf1 Nxg2 31.Kxg2 Qxh3+ 1-0

[Event "?"]
[Site "Berliner Sommer"]
[Date "1995.??.??"]
[Round "?"]
[White "Shipov, Sergei"]
[Black "Brynell, Stellan"]
[Result "1-0"]
[WhiteElo "2510"]
[BlackElo "2460"]

1.d4 e6 2.c4 Nf6 3.Nf3 b6 4.g3 Bb7 5.Bg2 Be7 6.Nc3 O-O 7.d5 Bb4 8.O-O Na6
9.Nh4 Bxc3 10.bxc3 Nc5 11.Ba3 Rb8 12.Bxc5 bxc5 13.Rb1 exd5 14.cxd5 Ba6
15.Qc2 Bc4 16.Rxb8 Qxb8 17.Rd1 Qb5 18.e4 d6 19.Nf5 Rb8 20.e5 dxe5
21.d6 cxd6 22.Nxd6 Qa6 23.Bb7 Qxa2 24.Qxa2 Bxa2 25.Ra1 Be6 26.Rxa7 g6
27.Ra5 Rd8 28.Ne4 Nxe4 29.Bxe4 Rd1+ 30.Kg2 c4 31.Rxe5 Rc1 32.Bd5 Bxd5+
33.Rxd5 Rxc3 34.Rc5 Kg7 35.g4 Kf6 36.g5+ Ke6 37.Rc7 Rc1 38.Kf3 c3
39.Ke2 c2 40.Kf3 Kd6 41.Rc8 Rg1 42.Rxc2 Rxg5 43.Ra2 h5 44.Ra6+ Ke5
45.Ra5+ Kf6 46.Ra6+ Kg7 47.Ra4 Rg1 48.h3 g5 49.Ra5 Kg6 50.Ra4 f6 1-0

[Event "?"]
[Site "Berliner Sommer"]
[Date "1995.??.??"]
[Round "?"]
[White "Krakops, Maris"]
[Black "Oral, Tomas"]
[Result "1-0"]
[WhiteElo "2525"]
[BlackElo "2410"]

1.e4 e5 2.Nf3 Nf6 3.d4 Nxe4 4.Bd3 Nc6 5.Nxe5 Nxe5 6.dxe5 Nc5 7.O-O d6
8.Bf4 dxe5 9.Bxe5 Nxd3 10.cxd3 Be6 11.Re1 Bd6 12.Bxg7 Rg8 13.Qh5 Qd7
14.Bf6 Rg6 15.Bh4 f6 16.Nc3 O-O-O 17.Ne4 Be5 18.Qe2 Rdg8 19.Bg3 Bd5
20.Rac1 Qg7 21.d4 Bxg3 22.hxg3 f5 23.Nc3 Bxg2 24.Qe5 Bc6 25.Qxf5+ Kb8
26.Qe5 Qh6 27.d5 Qh3 28.dxc6 Rxg3+ 29.fxg3 Rxg3+ 30.Qxg3 Qxg3+
31.Kh1 Qh3+ 1-0

[Event "?"]
[Site "Berliner Sommer"]
[Date "1995.??.??"]
[Round "?"]
[White "Danner, Georg"]
[Black "Yemelin, Vasily"]
[Result "1/2-1/2"]
[WhiteElo "2415"]
[BlackElo "2500"]

1.d4 Nf6 2.Nf3 e6 3.e3 b6 4.Bd3 Bb7 5.Nbd2 c5 6.O-O Nc6 7.c3 Be7 8.a3 d5
9.Ne5 Nxe5 10.dxe5 Nd7 11.f4 Qc7 12.Qg4 g6 13.e4 c4 14.Bc2 Nc5
15.exd5 Bxd5 16.Nf3 h5 17.Qh3 Qb7 18.Be3 Be4 19.Bxe4 Qxe4 20.Ng5 Bxg5
21.Bxc5 bxc5 22.Rae1 Qd3 23.fxg5 O-O 24.Qf3 Qd2 25.h4 Qd3 1/2-1/2